|
|
|
|
| LEADER |
00000nab a2200000 ar4500 |
| 001 |
vtls010677555 |
| 003 |
SK-MaSNL |
| 005 |
20260305021210.0 |
| 008 |
150506c2015 xo qr|p||| |000 b|slo |
| 015 |
|
|
|a SNBRB2015/04
|
| 038 |
|
|
|a SPK
|
| 040 |
|
|
|a SPKCL
|b slo
|c AACR2
|e AACR2
|
| 041 |
0 |
|
|a slo
|
| 044 |
|
|
|a xo
|c SK
|
| 072 |
|
7 |
|a 316.4/.7
|x Sociálne interakcie
|2 konspekt
|
| 072 |
|
7 |
|a 316.3
|x Globálne spoločnosti. Sociálna štruktúra. Sociálne skupiny
|2 konspekt
|
| 072 |
|
7 |
|a 75
|x Maliarstvo
|2 konspekt
|
| 080 |
|
|
|a 316.624
|2 2001
|
| 080 |
|
|
|a 316.346.32-053.8
|2 2001
|
| 080 |
|
|
|a 75.051
|2 2001
|
| 080 |
|
|
|a 303.64
|2 2001
|
| 100 |
1 |
|
|a Burjan, Vladimír,
|d 1960-
|4 aut
|9 104648
|
| 245 |
1 |
0 |
|a Dospelí ako hrozba pre deti
|c Vladimír Burjan
|
| 300 |
|
|
|b Fotogr.
|
| 600 |
1 |
7 |
|a Caravaggio, Michelangelo Merisi da,
|d 1573-1610
|2 snkbucl
|9 255928
|
| 610 |
2 |
7 |
|a Obetovanie Izáka (obraz)
|2 snkbucl
|9 1597641
|
| 650 |
0 |
7 |
|a násilie
|2 snkbucl
|9 4763
|
| 650 |
0 |
7 |
|a dospelí
|2 snkbucl
|9 4893
|
| 650 |
0 |
7 |
|a deti
|2 snkbucl
|9 773
|
| 650 |
0 |
7 |
|a obrazy
|2 snkbucl
|9 29735
|
| 650 |
0 |
7 |
|a obsahová analýza
|2 snkbucl
|9 49910
|
| 773 |
0 |
|
|t Dobrá škola
|g Roč. VI, č. 8 (2015), s. 32
|x 1338-0338
|
| 852 |
|
|
|a SPK
|b KIS3GCP
|
| 856 |
4 |
1 |
|u www.dobraskola. com
|
| 999 |
|
|
|c 3284331
|d 3286261
|